Normal view
MARC view
Entry Personal Name
001 - CONTROL NUMBER
- control field: 47501
003 - CONTROL NUMBER IDENTIFIER
- control field: OSt
005 - DATE AND TIME OF LATEST TRANSACTION
- control field: 20240905160618.0
008 - FIXED-LENGTH DATA ELEMENTS
- fixed length control field: 240905|| aca||aabn | a|a d
040 ## - CATALOGING SOURCE
- Original cataloging agency: OSt
- Transcribing agency: OSt
100 ## - HEADING--PERSONAL NAME
- Personal name: Nelson, L. S., Brewer, A. and Mueller, A.S.
670 ## - SOURCE DATA FOUND
- Source citation: Work cat.: (OSt)524609: Nelson, L. S., Brewer, A. and Mueller, A.S. , Taking the time: The implications of workplace assessment for organizational gender inequality
